Η Ελλάδα των γυναικών
Αποθηκεύτηκε σε:
| Άλλοι συγγραφείς: | , |
|---|---|
| Μορφή: | Βιβλίο |
| Γλώσσα: | Greek German |
| Δημοσίευση: |
Αθήνα :
Εναλλακτικές Εκδόσεις : Γαία,
c1992.
|
| Θέματα: | |
| Ετικέτες: |
Προσθήκη ετικέτας
Δεν υπάρχουν, Καταχωρήστε ετικέτα πρώτοι!
|
MARC
| LEADER | 00000cam a2200000 i 4500 | ||
|---|---|---|---|
| 001 | 1/94984 | ||
| 008 | 081007s1992 gr | ||| |||| ||gre|| | ||
| 020 | |a 9604270176 | ||
| 035 | |l 10100666 | ||
| 040 | |a GR-MyUa |b gre |e AACR2 | ||
| 041 | 1 | |a gre |h ger | |
| 082 | 7 | |a 305.409495 |2 (22) | |
| 245 | 0 | 2 | |a Η Ελλάδα των γυναικών / |c επιμέλεια έκδοσης: Ευτυχία Λεοντίδου, Sigrid R. Ammer. |
| 260 | |a Αθήνα : |b Εναλλακτικές Εκδόσεις : |b Γαία, |c c1992. | ||
| 300 | |a 350 σ. : |b εικ. ; |c 21 εκ. | ||
| 500 | |a Τίτλος πρωτοτύπου: Griechenland der Frauen. | ||
| 650 | 0 | |a Women |z Greece |x History. | |
| 650 | 0 | |a Women |z Greece |x Social conditions. | |
| 700 | 1 | |a Λεοντίδου, Έφη, |e edtf | |
| 700 | 1 | |a Ammer, Sigrid R. |e edtf | |
| 852 | |a INST |b SYROS |e 20081007 |h 305.409495 ΕΛΛ |p 005500009066 |q 005500009066 |t BK |y 0 | ||
| 901 | |a BIBL5-2008-3 | ||
| 970 | |a ΚΑΓΙΑΒΑ |b ΕΙΡΗΝΗ |z 2008/10/07 | ||